| 000 | 00489 a2200169 4500 | ||
|---|---|---|---|
| 003 | OSt | ||
| 005 | 20231218115020.0 | ||
| 008 | 231218b |||||||| |||| 00| 0 eng d | ||
| 020 | _a9789352292844 | ||
| 040 | _coclc | ||
| 082 |
_a891.433 _bSIN/G |
||
| 100 |
_aSinha, Kishore Kumar _910156 |
||
| 245 |
_aGATHA BHOGANPURI / _cKishore Kumar Sinha |
||
| 260 |
_aNew Delhi: _bVani Prakashan, _c1997 |
||
| 300 | _a119p | ||
| 942 |
_2ddc _cBK _h891.433 _iSIN/G _k891.433 _mSIN/G |
||
| 999 |
_c43456 _d43456 |
||